000
00302nam a2200109Ia 4500
008
230320s9999||||xx |||||||||||||| ||spa||
082
_a
370.19/S21
100
_a
Santibáñez Gruper, Rosa
245
0
_a
Intervención Comunitaria Con Adolescentes Y Familias En Riesgo
260
_b
Graó
942
_8
0
_c
LIB
999
_c
48503
_d
48503